Ogbandzu Ophuu : (Record no. 40836)
[ view plain ]
| 000 -LEADER | |
|---|---|
| fixed length control field | 00746nam a22002291a 4500 |
| 003 - CONTROL NUMBER IDENTIFIER | |
| control field | OSt |
| 005 - DATE AND TIME OF LATEST TRANSACTION | |
| control field | 20110718133351.0 |
| 008 - FIXED-LENGTH DATA ELEMENTS--GENERAL INFORMATION | |
| fixed length control field | 091005s1980 001 0 eng d |
| 020 ## - INTERNATIONAL STANDARD BOOK NUMBER | |
| Terms of availability | 0.00 |
| 040 ## - CATALOGING SOURCE | |
| Original cataloging agency | NEGST Library - Kenya |
| Language of cataloging | DLC |
| Transcribing agency | DLC |
| Modifying agency | DLC |
| 050 #4 - LIBRARY OF CONGRESS CALL NUMBER | |
| Classification number | REF BS 325.I95 1980 |
| 100 1# - MAIN ENTRY--PERSONAL NAME | |
| Personal name | International Bible Society. |
| 9 (RLIN) | 7950 |
| 245 10 - TITLE STATEMENT | |
| Title | Ogbandzu Ophuu : |
| Remainder of title | sgu l'eka chileke |
| 260 ## - PUBLICATION, DISTRIBUTION, ETC. (IMPRINT) | |
| Place of publication, distribution, etc | Jos : |
| Name of publisher, distributor, etc | International Bible Soci, |
| Date of publication, distribution, etc | 1980. |
| 300 ## - PHYSICAL DESCRIPTION | |
| Extent | viii, 659 p. |
| 500 ## - GENERAL NOTE | |
| General note | "The New Testament in Izi." - T.p. verso. [Africana] |
| 600 10 - SUBJECT ADDED ENTRY--PERSONAL NAME | |
| Personal name | Izi language - Texts. |
| 9 (RLIN) | 7951 |
| 600 10 - SUBJECT ADDED ENTRY--PERSONAL NAME | |
| Personal name | Bible. N.T. Izi. 1980. |
| 9 (RLIN) | 7952 |
| 700 1# - ADDED ENTRY--PERSONAL NAME | |
| Personal name | Nigeria Bible Translation Trust. |
| 9 (RLIN) | 7953 |
| 942 ## - ADDED ENTRY ELEMENTS (KOHA) | |
| Source of classification or shelving scheme | Library of Congress Classification |
| Koha item type | Books |
| Withdrawn status | Lost status | Source of classification or shelving scheme | Damaged status | Not for loan | Collection code | Home library | Current library | Shelving location | Date acquired | Source of acquisition | Cost, normal purchase price | Full call number | Barcode | Date last seen | Price effective from | Koha item type |
|---|---|---|---|---|---|---|---|---|---|---|---|---|---|---|---|---|
| Library of Congress Classification | Reference | AIU/NEGST - Tony Wilmot Memorial Library | AIU/NEGST - Tony Wilmot Memorial Library | Reference | 10/05/2009 | donation | 4.00 | REF BS 325.I95 1980 | R36578W3232 | 09/26/2019 | 10/05/2009 | Africana collection ( Reference) |
